WISTERIA / (Record no. 201331)
[ view plain ]
| 000 -LEADER | |
|---|---|
| fixed length control field | 01461nam a2200325 i 4500 |
| 003 - CONTROL NUMBER IDENTIFIER | |
| control field | PPAK |
| 005 - DATE AND TIME OF LATEST TRANSACTION | |
| control field | 20251026153913.0 |
| 008 - FIXED-LENGTH DATA ELEMENTS--GENERAL INFORMATION | |
| fixed length control field | 240329s2024 nyu dr 000 f eng d |
| 020 ## - INTERNATIONAL STANDARD BOOK NUMBER | |
| International Standard Book Number | 9780316579445 |
| Terms of availability | RM 60.50 |
| Qualifying information | paperback |
| 040 ## - CATALOGING SOURCE | |
| Original cataloging agency | PPAK |
| Language of cataloging | eng |
| Transcribing agency | PPAK |
| Description conventions | rda |
| 082 04 - DEWEY DECIMAL CLASSIFICATION NUMBER | |
| Edition number | 23 |
| Classification number | 813.6 |
| 090 00 - LOCALLY ASSIGNED LC-TYPE CALL NUMBER (OCLC); LOCAL CALL NUMBER (RLIN) | |
| Classification number (OCLC) (R) ; Classification number, CALL (RLIN) (NR) | 813.6 |
| Feature heading | GRA |
| Feature heading | G |
| 100 1# - MAIN ENTRY--PERSONAL NAME | |
| Personal name | Grace, Adalyn, |
| Dates associated with a name | 1994- |
| Relator term | author. |
| 245 10 - TITLE STATEMENT | |
| Title | WISTERIA / |
| Statement of responsibility, etc. | ADALYN GRACE |
| 250 ## - EDITION STATEMENT | |
| Edition statement | First edition. |
| 264 #1 - PRODUCTION, PUBLICATION, DISTRIBUTION, MANUFACTURE, AND COPYRIGHT NOTICE | |
| Place of production, publication, distribution, manufacture | New York : |
| Name of producer, publisher, distributor, manufacturer | Brown and Company, |
| Date of production, publication, distribution, manufacture, or copyright notice | 2024 |
| 300 ## - PHYSICAL DESCRIPTION | |
| Extent | 425 pages ; |
| Dimensions | 21 cm |
| 336 ## - CONTENT TYPE | |
| Content type term | text |
| Source | rdacontent |
| 337 ## - MEDIA TYPE | |
| Media type term | unmediated |
| Source | rdamedia |
| 338 ## - CARRIER TYPE | |
| Carrier type term | volume |
| Source | rdacarrier |
| 490 #1 - SERIES STATEMENT | |
| Series statement | Belladonna ; |
| Volume/sequential designation | [3] |
| 520 ## - SUMMARY, ETC. | |
| Summary, etc. | Blythe Hawthorne has never let anyone tell her what to do - not society, not her overprotective father, and certainly not the man she's bound herself to, no matter how rude and insufferable he is. In fact, she's determined to be a thorn in his side for the rest of her days, even as he ensures that her life in his palace is anything but a fairytale. But as Blythe discovers a new side of herself linked to his past, she'll have to decide if she's willing to let an unexpected spark ignite... and to discover the truth about who she really is |
| 650 10 - SUBJECT ADDED ENTRY--TOPICAL TERM | |
| Topical term or geographic name entry element | Magic |
| Form subdivision | Fiction |
| Topical term or geographic name entry element | Ability |
| Form subdivision | Fiction |
| Topical term or geographic name entry element | Fate and fatalism |
| Form subdivision | Fiction |
| 655 #7 - INDEX TERM--GENRE/FORM | |
| Genre/form data or focus term | Romance fiction |
| Genre/form data or focus term | Young adult fiction. |
| 830 #0 - SERIES ADDED ENTRY--UNIFORM TITLE | |
| Uniform title | Belladonna ; |
| Volume/sequential designation | [3] |
| 942 ## - ADDED ENTRY ELEMENTS (KOHA) | |
| Source of classification or shelving scheme | Dewey Decimal Classification |
| Koha item type | Book |
| Withdrawn | Not for loan | Current library | Shelving location | Date acquired | Total Checkouts | Full call number | Barcode | Date last seen | Koha item type |
|---|---|---|---|---|---|---|---|---|---|
| Perpustakaan Alor Setar | Pinjaman Dewasa | 23/11/2025 | 813.6 GRA | A01891518 | 23/11/2025 | Book |